Cultura familiar y vecinal mapuche. Costumbres y valores revelados en la intimidad del hábitat residencial.

Gorde:
Xehetasun bibliografikoak
Egile nagusia: Sepúlveda Mellado, Orlando (autor)
Beste egile batzuk: Cuminao Rojo, Clorinda
Formatua: Liburua
Argitaratua: Santiago, Chile: Universidad de Chile; Universidad Central, 2022.
Gaiak:
Sarrera elektronikoa:Disponible Online - Repositorio Académico Universidad de Chile
Etiketak: Etiketa erantsi
Etiketarik gabe, Izan zaitez lehena erregistro honi etiketa jartzen!

MARC

LEADER 00000nam a22000007a 4500
003 CL-VaPUC
005 20230505084247.0
008 230419t2022 ||||| |||| 00| 0 eng d
999 |c 440569  |d 440567 
020 |a 978-956-410-508-6 
040 |c Pontificia Universidad Católica de Valparaíso 
082 7 |a 980.43 SEPco 2022  |2 22 
100 1 |a Sepúlveda Mellado, Orlando  |e autor  |9 881617 
245 |a Cultura familiar y vecinal mapuche.  |b Costumbres y valores revelados en la intimidad del hábitat residencial. 
260 |a Santiago, Chile:  |b Universidad de Chile;  |b Universidad Central,  |c 2022. 
300 |a 337 páginas. 
500 |a c.1 Donación Memo ARQ N° 1/2023 
583 |c 20230419  |k Catalogador Asistente 
650 0 |a Mapuches   |9 475435  |x Condiciones sociales  |z Chile  
700 |a Cuminao Rojo, Clorinda  |9 881618 
856 |u https://repositorio.uchile.cl/bitstream/handle/2250/189165/Cultura-familiar-y-vecinal-mapuche.pdf?sequence=1&isAllowed=y  |y Disponible Online - Repositorio Académico Universidad de Chile 
942 |2 ddc  |c BK 
952 |0 0  |1 0  |2 ddc  |4 0  |6 980_430000000000000_SEPCO_2022  |7 0  |8 A  |9 589714  |a BIBARQ  |b BIBARQ  |d 2023-04-19  |e Donación  |i 5657211  |l 2  |o 980.43 SEPco 2022  |p 5657211  |r 2025-01-20  |s 2023-05-22  |t 1  |w 2023-04-19  |y BK  |k ARQ